An Evening With Silk Sonic - Silk Sonic (Tracklist) - Statistics

General Stats
  • This quiz has been taken 21 times
  • The average score is 9 of 10
Answer Stats
TRACKLIST % Correct
777
100%
Leave The Door Open
100%
Skate
100%
Fly As Me
88%
Love's Train
88%
Put On A Smile
88%
Smokin Out The Window
88%
After Last Night (ft. Thundercat & Bootsy Collins)
81%
Blast Off
81%
Silk Sonic Intro
63%
No matching quizzes found
Score Distribution
Percent of People with Each Score
Percentile by Number Answered
Your Score History
You have not taken this quiz